General Knowledge 5 - Statistics

General Stats
  • This quiz has been taken 60 times
  • The average score is 8 of 15
Answer Stats
Hint Answer % Correct
How many pieces of art did Van Gogh sell while he was alive? 1
81%
Who was the first female aviatrix to fly solo across the Atlantic? Amelia Earhart
81%
What country has the longest coastline? Canada
79%
What US sitcom has twin sisters Phoebe and Ursula Buffay? Friends
77%
What colour is Absinthe? Green
74%
What is the tallest type of tree? Redwood
60%
Which tennis open is played on plexicushion courts? Australian
58%
What disease is the nursery rhyme Ring a ring a roses originally about? Black death
55%
Who wrote Treasure Island? Robert Louis Stevenson
51%
What is the largest sea on the moon? Sea of Tranquility
51%
The piano makes sounds by hitting the strings inside it with mallets, but what is the name of a similar looking instrument that plucks the strings? Harpsichord
42%
Which knighted individual is credited with inventing the World Wide Web? Sir Tim Berners-Lee
30%
What was the world's fastest steam train? Mallard
8%
As champagne cannot be used what beverage is instead sprayed by those on the podium at the bahrain and abu dhabi grand prix? Rosewater
8%
What are the first 3 digits of the mathematical constant e? 2.72
6%
No matching quizzes found
Score Distribution
Percent of People with Each Score
Percentile by Number Answered
Your Score History
You have not taken this quiz